<?xml version="1.0" encoding="UTF-8"?>
<marc:record xmlns:marc="http://www.loc.gov/MARC21/slim" type="Bibliographic">
   <marc:leader>00000nam a2200000 c 4500</marc:leader>
   <marc:controlfield tag="001">1153235722</marc:controlfield>
   <marc:controlfield tag="003">DE-101</marc:controlfield>
   <marc:controlfield tag="005">20180228011146.0</marc:controlfield>
   <marc:controlfield tag="007">tu</marc:controlfield>
   <marc:controlfield tag="008">180223s2018    gw ||||| |||| 00||||ger  </marc:controlfield>
   <marc:datafield ind1=" " ind2=" " tag="015">
      <marc:subfield code="a">18,A10</marc:subfield>
      <marc:subfield code="2">dnb</marc:subfield>
   </marc:datafield>
   <marc:datafield ind1="7" ind2=" " tag="016">
      <marc:subfield code="2">DE-101</marc:subfield>
      <marc:subfield code="a">1153235722</marc:subfield>
   </marc:datafield>
   <marc:datafield ind1=" " ind2=" " tag="020">
      <marc:subfield code="a">9783403068044</marc:subfield>
      <marc:subfield code="c">Broschur</marc:subfield>
      <marc:subfield code="9">978-3-403-06804-4</marc:subfield>
   </marc:datafield>
   <marc:datafield ind1=" " ind2=" " tag="035">
      <marc:subfield code="a">(DE-599)DNB1153235722</marc:subfield>
   </marc:datafield>
   <marc:datafield ind1=" " ind2=" " tag="035">
      <marc:subfield code="a">(OCoLC)1026353299</marc:subfield>
   </marc:datafield>
   <marc:datafield ind1=" " ind2=" " tag="040">
      <marc:subfield code="a">1240</marc:subfield>
      <marc:subfield code="b">ger</marc:subfield>
      <marc:subfield code="c">DE-101</marc:subfield>
      <marc:subfield code="d">0292</marc:subfield>
      <marc:subfield code="e">rda</marc:subfield>
   </marc:datafield>
   <marc:datafield ind1=" " ind2=" " tag="041">
      <marc:subfield code="a">ger</marc:subfield>
   </marc:datafield>
   <marc:datafield ind1=" " ind2=" " tag="044">
      <marc:subfield code="c">XA-DE</marc:subfield>
   </marc:datafield>
   <marc:datafield ind1="7" ind2="4" tag="082">
      <marc:subfield code="8">1\p</marc:subfield>
      <marc:subfield code="a">S</marc:subfield>
      <marc:subfield code="q">DE-101</marc:subfield>
      <marc:subfield code="2">23sdnb</marc:subfield>
   </marc:datafield>
   <marc:datafield ind1=" " ind2=" " tag="090">
      <marc:subfield code="a">b</marc:subfield>
   </marc:datafield>
   <marc:datafield ind1="1" ind2=" " tag="100">
      <marc:subfield code="0">(DE-588)108957829</marc:subfield>
      <marc:subfield code="0">https://d-nb.info/gnd/108957829</marc:subfield>
      <marc:subfield code="0">(DE-101)108957829</marc:subfield>
      <marc:subfield code="a">Wertenbroch, Wolfgang</marc:subfield>
      <marc:subfield code="d">1943-</marc:subfield>
      <marc:subfield code="e">Verfasser</marc:subfield>
      <marc:subfield code="4">aut</marc:subfield>
      <marc:subfield code="2">gnd</marc:subfield>
   </marc:datafield>
   <marc:datafield ind1="1" ind2="0" tag="245">
      <marc:subfield code="a">Chemie an Stationen</marc:subfield>
      <marc:subfield code="b">Übungsmaterial zu den Kernthemen des Lehrplans</marc:subfield>
      <marc:subfield code="c">Wolfgang Wertenbroch</marc:subfield>
   </marc:datafield>
   <marc:datafield ind1=" " ind2=" " tag="250">
      <marc:subfield code="a">4. Auflage</marc:subfield>
   </marc:datafield>
   <marc:datafield ind1=" " ind2=" " tag="259">
      <marc:subfield code="a">14</marc:subfield>
   </marc:datafield>
   <marc:datafield ind1=" " ind2="1" tag="264">
      <marc:subfield code="a">Augsburg</marc:subfield>
      <marc:subfield code="b">Auer</marc:subfield>
      <marc:subfield code="c">2018</marc:subfield>
   </marc:datafield>
   <marc:datafield ind1=" " ind2=" " tag="300">
      <marc:subfield code="a">67 Seiten</marc:subfield>
      <marc:subfield code="b">Illustrationen</marc:subfield>
      <marc:subfield code="c">30 cm</marc:subfield>
   </marc:datafield>
   <marc:datafield ind1=" " ind2=" " tag="336">
      <marc:subfield code="a">Text</marc:subfield>
      <marc:subfield code="b">txt</marc:subfield>
      <marc:subfield code="2">rdacontent</marc:subfield>
   </marc:datafield>
   <marc:datafield ind1=" " ind2=" " tag="337">
      <marc:subfield code="a">ohne Hilfsmittel zu benutzen</marc:subfield>
      <marc:subfield code="b">n</marc:subfield>
      <marc:subfield code="2">rdamedia</marc:subfield>
   </marc:datafield>
   <marc:datafield ind1=" " ind2=" " tag="338">
      <marc:subfield code="a">Band</marc:subfield>
      <marc:subfield code="b">nc</marc:subfield>
      <marc:subfield code="2">rdacarrier</marc:subfield>
   </marc:datafield>
   <marc:datafield ind1=" " ind2=" " tag="385">
      <marc:subfield code="0">(DE-588)4035088-5</marc:subfield>
      <marc:subfield code="0">https://d-nb.info/gnd/4035088-5</marc:subfield>
      <marc:subfield code="0">(DE-101)040350886</marc:subfield>
      <marc:subfield code="a">Lehrer</marc:subfield>
      <marc:subfield code="2">gnd</marc:subfield>
   </marc:datafield>
   <marc:datafield ind1=" " ind2=" " tag="653">
      <marc:subfield code="a">(VdS Bildungsmedien Fächer)CHE</marc:subfield>
   </marc:datafield>
   <marc:datafield ind1=" " ind2=" " tag="653">
      <marc:subfield code="a">5. bis 10. Klasse</marc:subfield>
   </marc:datafield>
   <marc:datafield ind1=" " ind2=" " tag="653">
      <marc:subfield code="a">Kompakt</marc:subfield>
   </marc:datafield>
   <marc:datafield ind1=" " ind2=" " tag="653">
      <marc:subfield code="a">(BIC subject category)YQRA</marc:subfield>
   </marc:datafield>
   <marc:datafield ind1=" " ind2=" " tag="653">
      <marc:subfield code="a">(BISAC Subject Heading)EDU029000</marc:subfield>
   </marc:datafield>
   <marc:datafield ind1=" " ind2="7" tag="655">
      <marc:subfield code="0">(DE-588)4074111-4</marc:subfield>
      <marc:subfield code="0">https://d-nb.info/gnd/4074111-4</marc:subfield>
      <marc:subfield code="0">(DE-101)040741117</marc:subfield>
      <marc:subfield code="a">Lehrmittel</marc:subfield>
      <marc:subfield code="2">gnd-content</marc:subfield>
   </marc:datafield>
   <marc:datafield ind1=" " ind2=" " tag="850">
      <marc:subfield code="a">DE-101a</marc:subfield>
      <marc:subfield code="a">DE-101b</marc:subfield>
   </marc:datafield>
   <marc:datafield ind1="4" ind2="2" tag="856">
      <marc:subfield code="m">B:DE-101</marc:subfield>
      <marc:subfield code="q">application/pdf</marc:subfield>
      <marc:subfield code="u">https://d-nb.info/1153235722/04</marc:subfield>
      <marc:subfield code="3">Inhaltsverzeichnis</marc:subfield>
   </marc:datafield>
   <marc:datafield ind1="2" ind2=" " tag="883">
      <marc:subfield code="8">1\p</marc:subfield>
      <marc:subfield code="a">ie-sg</marc:subfield>
      <marc:subfield code="d">20180223</marc:subfield>
      <marc:subfield code="q">DE-101</marc:subfield>
      <marc:subfield code="u">https://d-nb.info/provenance/plan#ie-sg</marc:subfield>
   </marc:datafield>
   <marc:datafield ind1="r" ind2=" " tag="925">
      <marc:subfield code="a">ra</marc:subfield>
   </marc:datafield>
</marc:record>
